00699nam a2200241 a 4500001001300000003000900013005001700022008004100039020001000080082001800090100002700108245004400135260004600179300000900225500003500234505001700269650001600286700002700302902000800329942000700337952009800344999001500442nice12345678IN_TiNIC20260116011509.0050524s1935 dela grp 000 0 urd  ac10000a891.4391bDAR aDaryabadi, Abdul Majid aKalam-E-Jawharb Jawhar Awr Unki Shairi aDelhi bPayam-E-mashriq Book Depot c1935 a140p aincludes index and biblioraphy2 aBibliography aUrdu-Poetry1 aDaryabadi, Abdul Majid bSRS cBK 00104070aHMIbHMId2007-06-22g100.00l0o891.4391 DARp3562r2007-06-22w2026-01-16yARB c2053d2053